HIV and young children: an annotated bibliography on psychosocial perspectives
Guardat en:
| Autor principal: | |
|---|---|
| Format: | Llibre |
| Idioma: | anglès |
| Publicat: |
La Haya
Bernard van Leer Foundation
2005
|
| Col·lecció: | Early Childhood Development, 34
|
| Matèries: | |
| Etiquetes: |
Afegir etiqueta
Sense etiquetes, Sigues el primer a etiquetar aquest registre!
|
MARC
| LEADER | 00000nam a2200000 a 4500 | ||
|---|---|---|---|
| 001 | UCK5507 | ||
| 003 | CL-VaPUC | ||
| 008 | 050805e20050200NE |||||||||||||||||eng|d | ||
| 020 | |a 9061950783 | ||
| 082 | 0 | 4 | |a 618.929792 |b SHE |2 21 |
| 100 | 0 | |a Sherr, Lorraine |e author |9 494298 | |
| 245 | 1 | 0 | |a HIV and young children: an annotated bibliography on psychosocial perspectives |
| 300 | |a 77 p | ||
| 942 | |c BK | ||
| 945 | |d 20050805 00:00:00 |a cmena | ||
| 260 | |a La Haya |b Bernard van Leer Foundation |c 2005 | ||
| 650 | 0 | |a SIDA (Síndrome de Inmunodeficiencia Adquirida) |9 256118 | |
| 650 | 0 | |a Niños |9 255605 | |
| 650 | 7 | |a BIBLIOGRAFIA |2 CL-VaPUC |9 256175 | |
| 583 | |a last modification |c 20050805 00:00:00 |k Rodrigo Vera | ||
| 490 | 0 | |a Early Childhood Development, 34 | |
| 999 | |c 314013 |d 314011 | ||
| 952 | |0 0 |1 0 |4 0 |6 618_929792000000000_SHE_2005 |7 0 |8 P |9 385884 |a BIBEDU |b BIBEDU |c BIBEDU_PB |d 2019-11-22 |i 4150384 |o 618.929792 SHE 2005 |p 4150384 |r 2024-01-25 |w 2019-11-22 |y BK |k EBA | ||